00586nam a22001697a 450000500170000001000150001702000260003203500140005803700130007208200120008510000230009724501110012026000740023127000610030530000310036650000190039720170824105507.0 aENG-120088 a9789386224576c699.00 aEN-103620 bDBAD/PUB a337.109 aGarten, Jeffrey E. aFrom silk to silicon :bthe story of globalization through ten extraordinary lives /cby Jeffrey E. Garten aNew DelhibTranquebar Press An imprint of Westlamd Publicationsc2017 a93,I Floor, Sham Lal Road, Daryaganj,bNew Delhie110002 axv,434p. :bill.c25cm(Hb) aIncludes index